Đại số tuyến tính trong kỹ thuật

Gespeichert in:
Bibliographische Detailangaben
1. Verfasser: Trần Văn Hãn
Format: Buch
Sprache:Undetermined
Veröffentlicht: Hà Nội KHKT 1978
Schlagworte:
Tags: Tag hinzufügen
Keine Tags, Fügen Sie den ersten Tag hinzu!
Thư viện lưu trữ: Trung tâm Học liệu Trường Đại học Cần Thơ
LEADER 00496nam a2200169Ia 4500
001 CTU_1195
008 210402s9999 xx 000 0 und d
082 |a 512.5 
082 |b H105 
100 |a Trần Văn Hãn 
245 0 |a Đại số tuyến tính trong kỹ thuật 
245 0 |c Trần Văn Hãn 
260 |a Hà Nội 
260 |b KHKT 
260 |c 1978 
650 |a algebras, linear,engineering mathematics 
980 |a Trung tâm Học liệu Trường Đại học Cần Thơ